UBT Library

Manufacturing Technology : (Record no. 587)

000 -LEADER
fixed length control field 00371nam a22001457a 4500
005 - DATE AND TIME OF LATEST TRANSACTION
control field 20171207095544.0
008 - FIXED-LENGTH DATA ELEMENTS--GENERAL INFORMATION
fixed length control field 150330b xxu||||| |||| 00| 0 eng d
020 ## - INTERNATIONAL STANDARD BOOK NUMBER
International Standard Book Number 0026757516
041 0# - LANGUAGE CODE
Language code of text/sound track or separate title eng
080 ## - UNIVERSAL DECIMAL CLASSIFICATION NUMBER
Universal Decimal Classification number 721 DAI
100 ## - Rafti
Rafti 27
101 ## - Shkurtesa
Shkurtesa DAI
245 ## - TITLE STATEMENT
Title Manufacturing Technology :
Statement of responsibility, etc Robert A. Daiber ; Thomas L. Erekson
942 ## - ADDED ENTRY ELEMENTS (KOHA)
Source of classification or shelving scheme
Item type Books

No items available.

UBT Library © 2015-2024. All rights reserved University Education for Business and Technology